| 000 | 00413nam a2200133Ia 4500 | ||
|---|---|---|---|
| 008 | 170516s9999 xx 000 0 und d | ||
| 245 | _aAdult onset asynchronous multifocal eosinophilic granuloma of bone: an 11-year follow-up | ||
| 260 | _bActa Radiologica Open | ||
| 260 | _c2015 | ||
| 300 | _a4:2 | ||
| 650 | _xRadiologic Technology | ||
| 650 | _xRadtech | ||
| 856 | _uhttp://journals.sagepub.com/toc/arra/4/2 | ||
| 999 |
_c332142 _d332142 |
||